000 00956nam0a22002771 4500
001 rc\3776337
005 20120127164333.3
021 _aRU
_b75-69439
021 _aRU
_bРг12256-75
035 _a(NLR Aleph) 007223706
090 _a7705612
_c7705612
100 _a20120127d1975 |||y0rusy50 ca
101 0 _arus
102 _aRU
105 _ay z |||||
200 1 _aОб оптимальной аппроксимации исходных данных в классе функций с условием Липшица
210 _aКиев
_cБ. и.
_d1975
215 _a33 с.
_d20
225 1 _aАН УССР. Институт кибернетики. Секция "Математического обеспечения ЭВМ". Препринт
_v75-8
320 _aБиблиогр.: с. 33
700 1 _aДобра
_bИ. Д.
801 0 _aRU
_bNLR
_gpsbo
801 1 _aRU
_bELAR
_2rusmarc
852 _aNLR
_j75-4/14438
942 _cBOOK
980 _aNB